What the economy needs now / (Record no. 1778)

MARC details
000 -LEADER
fixed length control field 00722nam a2200217 a 4500
003 - CONTROL NUMBER IDENTIFIER
control field BD-DhJNU
005 - DATE AND TIME OF LATEST TRANSACTION
control field 20250617051529.0
008 - FIXED-LENGTH DATA ELEMENTS--GENERAL INFORMATION
fixed length control field 190611s2019 ii b 000 0 eng
020 ## - INTERNATIONAL STANDARD BOOK NUMBER
International Standard Book Number 9789353450311
Qualifying information (P-ISBN)
020 ## - INTERNATIONAL STANDARD BOOK NUMBER
International Standard Book Number 9789353450335
Qualifying information (E-ISBN)
040 ## - CATALOGING SOURCE
Original cataloging agency BD-DhJNU
Language of cataloging ENG
Transcribing agency BD-DhJNU
Modifying agency BD-DhJNU
082 00 - DEWEY DECIMAL CLASSIFICATION NUMBER
Classification number 330 WHA
Edition number 23
245 00 - TITLE STATEMENT
Title What the economy needs now /
Statement of responsibility, etc. edited by Abhijit Banerjee, Gita Gopinath, Raghuram Rajan and Mihir S. Sharma.
264 #1 - PRODUCTION, PUBLICATION, DISTRIBUTION, MANUFACTURE, AND COPYRIGHT NOTICE
Place of production, publication, distribution, manufacture New Delhi :
Name of producer, publisher, distributor, manufacturer Juggernaut,
Date of production, publication, distribution, manufacture, or copyright notice 2019.
300 ## - PHYSICAL DESCRIPTION
Extent 224 pages ;
Dimensions 23 cm
504 ## - BIBLIOGRAPHY, ETC. NOTE
Bibliography, etc. note Includes bibliographical references.
520 ## - SUMMARY, ETC.
Summary, etc. Contributed articles.
651 #0 - SUBJECT ADDED ENTRY--GEOGRAPHIC NAME
Geographic name India
General subdivision Economic policy
Chronological subdivision 2016-
700 1# - ADDED ENTRY--PERSONAL NAME
Personal name Banerjee, Abhijit,
Relator term editor.
942 ## - ADDED ENTRY ELEMENTS (KOHA)
Koha item type Books
Holdings
Withdrawn status Lost status Source of classification or shelving scheme Damaged status Not for loan Collection Home library Current library Shelving location Date acquired Source of acquisition Total checkouts Full call number Barcode Date last seen Copy number Price effective from Koha item type
    Dewey Decimal Classification     Non-fiction Jagannath University Central Library Jagannath University Central Library General stacks 06/17/2025 Purchased   330 WHA JNUCL35324 06/17/2025 1 06/17/2025 Books